| 000 | 00764nam a2200217 a 4500 | ||
|---|---|---|---|
| 005 | 20210526101637.0 | ||
| 008 | 210526s1989 fr |||gr|||| 00| 0 fre d | ||
| 020 | _a2275008071 | ||
| 040 |
_aCO-BoUCM _bspa _cDeissy Garcia _dDeissy Garcia |
||
| 041 | 0 | _afre | |
| 100 | 1 |
_aArdant, Philippe _996615 |
|
| 245 | 1 | 0 |
_aInstitutions politiques & droit constitutionnel _cPhilippe Ardant |
| 260 |
_aParís _bLibrairie generale de droit et de jurisprudence _c1989 |
||
| 300 | _a599 páginas | ||
| 490 | 0 | _aManuel | |
| 504 | _aIncluye referencias bibliográficas | ||
| 650 | 7 |
_aDerecho constitucional _zFrancia _9103341 |
|
| 651 | 1 |
_aFrancia _xHistoria constitucional _9103627 |
|
| 942 |
_cLIBRO _2DEWEY _a8 _e1 _h342.44 _mA676i _n0 |
||
| 999 |
_c316013 _d316013 |
||